[Event "Cappelle op 31st"]
[Site "Cappelle la Grande"]
[Date "2015.03.02"]
[Round "4"]
[White "Kovalenko, Igor"]
[Black "Kovchan, Alexander"]
[Result "1-0"]
[WhiteElo "2656"]
[BlackElo "2576"]
[Annotator "RR"]
[PlyCount "135"]
[EventDate "2015.02.28"]
[EventType "swiss"]
[EventRounds "9"]
[EventCountry "FRA"]
[SourceTitle "EXT 2016"]
[Source "ChessBase"]
[SourceDate "2015.10.08"]
[SourceVersion "1"]
[SourceVersionDate "2015.10.08"]
[SourceQuality "1"]

1. c4 c5 2. Nf3 g6 3. d4 cxd4 4. Nxd4 Nc6 5. e4 Nf6 6. Nc3 d6 7. Nc2 $5 {
Joué dans l'esprit d'une Rubinstein en premier} (7. Be2 {La grande ligne})
7... Bg7 8. Be2 O-O 9. O-O Nd7 10. Bd2 (10. Be3 Bxc3 11. bxc3 Qa5 $132) 10...
a5 (10... Nc5 11. b4 Bxc3 12. Bxc3 Nxe4 13. Bb2 Be6 14. b5 $44 {Van Wely,L 
(2629)-Gustafsson,J (2436) Dieren op 1999 (4) 1-0}) 11. Kh1 Nc5 12. f3 a4 (
12... Kh8 13. Rb1 f5 14. exf5 Bxf5 15. Ra1 Nd3 16. b3 Nb2 17. Qb1 Nd4 18. Qxb2
Nxc2 19. Rac1 Nd4 20. Be3 Bd7 21. Rfd1 Nf5 22. Bf2 Bc6 23. Bd3 Qe8 24. Qe2 Qf7
25. Be4 Rae8 26. Bb6 Be5 27. Bxa5 Qg7 28. Qd2 g5 29. Ne2 Bxe4 30. fxe4 Nh6 31.
Bb6 Bxh2 32. Kxh2 Ng4+ 33. Kg1 d5 34. exd5 Qh6 35. Qd4+ {1-0 (35) Laznicka,V 
(2667)-Polak,T (2512) Czechia 2015}) (12... f5 13. exf5 Bxf5 14. Ne3) 13. Rc1
Bd7 $146 (13... Be6 14. Be3 Ne5 15. Na3 Nc6 16. Qd2 Qa5 17. Nab5 Ne5 18. Nd5
Bxd5 19. Qxd5 Nc6 20. Rb1 Nb4 21. Qd1 Qd8 22. a3 Nc6 23. Qc2 Qa5 24. Rbd1 Rac8
25. Rd5 Ne5 26. f4 Ned7 27. Bg4 Nf6 28. Bxc8 Nxd5 29. exd5 Rxc8 30. Bxc5 Rxc5
31. Qe2 Qd8 32. Rc1 Qc8 33. Rc2 Qf5 34. g3 h5 35. Kg2 h4 36. Rd2 Bf6 37. Nc3
h3+ 38. Kf3 Bxc3 39. bxc3 b5 40. Rd4 Rxc4 41. Rd3 g5 42. Qe3 gxf4 43. g4 {
Hammer,J (2606)-Mamedov,R (2667) Aix-les-Bains 2011 0-1}) 14. Re1 Qb6 15. Bf1
Rfc8 16. Nd5 Qd8 (16... Qxb2 17. Rb1 Qe5 18. Nb6 $13) 17. Bc3 {Une décision
étonnante car d'habitude, les Blancs évitent cet échange dans la Maroczy}
Bxc3 18. Nxc3 Be6 19. Qd2 Qa5 20. f4 $1 f6 21. Re3 Qd8 22. Be2 Qf8 23. Na3 Kh8
24. Rf1 $14 Qh6 25. Rg3 Rg8 26. Bg4 $1 Bxg4 27. Rxg4 f5 28. exf5 gxf5 29. Rxg8+
Rxg8 30. Nc2 e5 $132 31. Ne3 Nd4 32. Qd1 Ne4 33. Nxe4 fxe4 34. Rf2 Rf8 35. Ng4
Qh4 36. g3 Qh5 37. fxe5 Rxf2 38. Nxf2 Nf3 39. h4 Qxe5 40. Kg2 h5 41. Qe2 d5 42.
cxd5 Qxd5 43. Nxe4 Nd2 44. Qxd2 Qxe4+ 45. Kh2 {Début d'une finale difficile
pour les Noirs qui ont neon seulement un P de moins mais aussi un K plus
exposé} Kh7 46. a3 Qf5 47. Qe2 b5 48. Qd2 Kg6 49. Qd4 Qc2+ 50. Kg1 Qf5 51. Kg2
Kh7 52. Qf4 Qc2+ 53. Qf2 Qe4+ 54. Kh2 Qe5 55. Qc2+ Kh6 56. Kg2 Qd5+ 57. Kf2
Qd4+ 58. Kf1 Qd5 59. Qc3 $1 $16 Kg6 60. Kf2 Qe4 61. Qc5 Qe8 $6 {Décentralise
la Q} 62. Qg5+ Kh7 63. Qf6 Qd7 64. Ke3 $1 Qe8+ 65. Kd4 Qc8 66. Qe7+ Kh8 67.
Qe5+ Kg8 68. Qg5+ 1-0

[Event "ISL-FRA"]
[Site "Reykjavik"]
[Date "1993.??.??"]
[Round "8"]
[White "Chabanon, Jean Luc"]
[Black "Steingrimsson, Hedinn"]
[Result "0-1"]
[WhiteElo "2425"]
[BlackElo "2420"]
[Annotator "Ribli,Z"]
[PlyCount "82"]
[EventDate "1993.??.??"]
[EventType "schev"]
[EventRounds "10"]
[EventCountry "ISL"]
[SourceTitle "CBM 035"]
[Source "ChessBase"]
[SourceDate "1993.08.01"]
[SourceVersion "1"]
[SourceVersionDate "1993.08.01"]
[SourceQuality "1"]

1. c4 c5 2. Nc3 g6 3. Nf3 Bg7 4. d4 cxd4 5. Nxd4 Nc6 6. Nc2 Bxc3+ 7. bxc3 Qa5
8. Bd2 (8. e4 {Tosic,M-Matulovic,M/Belgrade/1992/CBM31/}) 8... Nf6 9. f3 d6 10.
e4 Be6 $5 (10... O-O {Boensch,U-Stohl,I/Stara Zagora zt-B/1990/CBM17/}) 11. Ne3
Rc8 12. Rb1 b6 13. Qc2 Nd7 14. Rb5 Qa6 15. Nf5 (15. c5 Qxa2 $17) 15... Bxf5 16.
exf5 Nd4 $1 17. cxd4 Qxb5 18. c5 Qc6 19. Qc3 d5 (19... O-O $5 20. Bh6 dxc5 21.
dxc5 (21. d5 Qf6 $1) 21... Nf6 22. Bxf8 Kxf8 $17) 20. Ba6 Ra8 21. a4 O-O (21...
Qxa4 $2 22. Bb7 $44) 22. Bb5 Qc7 23. h4 bxc5 24. fxg6 fxg6 25. h5 c4 26. hxg6
hxg6 27. Qe3 Nf6 28. Kd1 (28. Qe6+ Rf7 29. Rh6 Qg3+ $19) 28... Qd6 29. a5 Rab8
30. Ba4 Rb1+ 31. Bc1 Kf7 32. Bc2 Ra1 33. g4 Rg8 34. g5 Nh5 35. f4 Qe6 36. Qf3
Ke8 37. f5 Qf7 38. Qc3 Ra2 39. f6 Qe6 $1 40. Re1 Qg4+ 41. Re2 Ng3 0-1

[Event "EU-chT (Men) 15th"]
[Site "Gothenburg"]
[Date "2005.07.31"]
[Round "2.4"]
[White "Timofeev, Artyom"]
[Black "Guseinov, Gadir"]
[Result "1/2-1/2"]
[WhiteElo "2661"]
[BlackElo "2585"]
[Annotator "Roiz,M"]
[PlyCount "52"]
[EventDate "2005.07.30"]
[EventType "team-swiss"]
[EventRounds "9"]
[EventCountry "SWE"]
[SourceTitle "CBM 109"]
[Source "ChessBase"]
[SourceDate "2005.11.14"]
[SourceVersion "1"]
[SourceVersionDate "2005.11.14"]
[SourceQuality "1"]
[WhiteTeam "Russia"]
[BlackTeam "Azerbaijan"]
[WhiteTeamCountry "RUS"]
[BlackTeamCountry "AZE"]

1. e4 c5 2. Nf3 Nc6 3. d4 cxd4 4. Nxd4 g6 5. c4 Bg7 6. Nc2 {This continuation
gains a lot of popularity nowadays.} (6. Be3 Nf6 7. Nc3 {-->is the main line.})
6... d6 7. Be2 ({The immediate} 7. Nc3 {can be met by:} Bxc3+ 8. bxc3 Nf6 $132
{[%csl Rc3,Rc4]}) 7... f5 {A principal move-that typical breakthrough makes
more sense now, since the Nc2 puts less pressure on the centre. However, I
believe White can get a comfortable edge due to preferablity of his pawn
structure.} ({The solid line} 7... Nf6 8. Nc3 O-O 9. O-O Nd7 10. Bd2 Nc5 ({or} 
10... a5) 11. b4 Ne6 12. Rc1 {looks much safer for black.}) 8. exf5 Bxf5 9. O-O
Nh6 {Black refuses to close the diagonal for Bg7, putting some pressure on
White's queen-side.} (9... Nf6 10. Ne3 Bd7 11. Nc3 O-O 12. Rb1 Kh8 13. b3 Rc8
14. Bb2 Ne5 $6 15. Ncd5 Nxd5 16. Qxd5 Rb8 17. Qd2 b5 18. f4 $16 {1/2-1/2
Nogueiras,J-Ramirez,A/Merida MEX 2002 (53)}) 10. Nc3 O-O 11. Bd2 $146 {White
completes his development and intends to seize more space by b2-b4 or f2-f4.} (
11. Ne3 Kh8 12. Nxf5 Nxf5 13. Bg4 Ne5 14. Bxf5 Rxf5 15. Qb3 Qd7 $132 {0-1
Rubinetti,J-Garbarino,R/Buenos Aires 1988/EXT 97 (27)}) (11. Bg5 Qd7 12. Qd2
Nf7 13. Be3 Bxc2 14. Qxc2 Nd4 15. Qd2 Nxe2+ 16. Nxe2 Ne5 17. Rac1 $14 {1-0
Mkrtchian,L-Susterman,A/Calvia ESP 2004 (45)}) ({Interesting was also the
immediate} 11. Be3 $5) 11... Nf7 12. Rc1 a6 13. Be3 $14 {White has a stable
advantage due to his space advantage and the preferablity of his pawn
structure.} ({White could also opt for a more active plan:} 13. Ne3 $5 Bd7 14.
f4 $14) 13... e6 {[%cal Gd8h4] This move weakens the Pd6, but Black is looking
for some activity!} 14. Qd2 {Allowing the activation of Black's queen.} ({
I would prefer to simplify the position:} 14. Nd4 $5 Nxd4 15. Bxd4 Bh6 16. Ra1
(16. f4 e5 17. Be3 exf4 18. Bxf4 Qb6+ 19. Kh1 Bxf4 20. Rxf4 Qxb2) 16... e5 17.
Be3 Bxe3 18. fxe3 $14 {[%csl Rf7]}) 14... Qh4 15. f4 {Restriciting the
mobility of Black's pieces.} (15. Rcd1 $6 Bxc2 16. Qxc2 Nd4 $132) 15... Bxc2 $1
{Giving up the bishop, but getting some chance of freeing the position by
d6-d5.} ({Black's problems would be more serious after.} 15... Rad8 $6 16. Nd4
Nxd4 17. Bxd4 Bxd4+ 18. Qxd4 $36 {[%csl Rf5]}) 16. Rxc2 Rad8 {Now White has to
play very accurately in order to neutralize Black's counterplay and to keep
some strategical advantage.} 17. Bf2 {Pushing the queen away from h4.} ({
An interesting alternative would be:} 17. Bf3 Nh6 18. g3 Qe7 19. Bb6 Rd7 $14 {
and White's chances are preferable.}) 17... Qf6 18. Bb6 ({Nothing gives:} 18.
Ne4 Qe7 {[%cal Gd6d5] and White's pieces are not ready to meet the d6-d5
advancement.} 19. Bf3 d5 20. cxd5 Rxd5 (20... exd5 $6 21. Nc5 $14) 21. Qc1 Nd4
22. Bxd4 Bxd4+ 23. Kh1 Rd7 $11) 18... Rd7 19. Rcc1 {Improving the placement of
the rook, since Black may always attack it by Nc6-d4.} Nh6 {[%cal Gh6f5]} 20.
Rcd1 Nf5 {Now all of Black's minor pieces are placed well.} 21. Rf2 ({Once
again,} 21. Ne4 Qe7 $132 {[%cal Gd6d5] looks O.K for black.}) (21. Bf3 {
also promised nothing:} Nfd4 22. Bxc6 Nxc6 $11) 21... Kh8 {A useful
prophylactic move-Black is waiting with active actions.} ({Premature would be:
} 21... Nfd4 22. Bg4 Qh4 23. Bh3 $14 Rdf7 $140 $6 24. Ne2 $16) 22. Bg4 {
White intents to improve his position little by little. For instance,he may
advance his queen-side pawns in future.} ({also comes to consideration:} 22.
Bf3 $5 Ncd4 23. Bg4 $14 {and it's not easy for Black to find a useful move.})
22... d5 {That is more or less forced- Black has no other way of counterplay.}
23. cxd5 exd5 24. Nxd5 $6 {White wins the pawn, but gives Black an excellent
tactical resource which is connected with a pin along the d-file.} ({At the
same time,white could still maintain some advantage by accurate play:} 24. Bc5
$142 Rfd8 25. Qd3 Qf7 26. Re2 (26. Bxf5 gxf5 27. Ne2 d4 28. Ng3 Rd5 $132) 26...
Ncd4 27. Red2 Ne6 28. Bb6 Rf8 29. g3 $14) 24... Qf7 {The only way to avoid the
pin now is delivering the rook to d3.} 25. Bxf5 Qxf5 26. Rf3 {That leads to a
forced draw.} ({In my opinion, Black has sufficient compensation for the pawn
in all the cases, but White could try:} 26. Re2 {[%cal Ge2e3,Ge3d3]} a5 {
[%cal Gc6b4]} (26... Qh5 $143 27. Ree1 {[%cal Gb2b3]} (27. Re3 $4 Nb4 $19 {
[%csl Rd1][%cal Yh5d1]}) 27... a5 28. a3 a4 29. Re4 $14) 27. a3 a4 $44 28. Re3
$140 {[%cal Ge3d3]} g5 $1 $132) 26... Ne7 {Here the draw was agreed} ({in view
of:} 26... Ne7 27. Rd3 Nxd5 28. Rxd5 Rxd5 29. Qxd5 Qxf4 $11 {with a full
equality.}) 1/2-1/2

[Event "Corus"]
[Site "Wijk aan Zee"]
[Date "2006.01.15"]
[Round "2"]
[White "Bacrot, Etienne"]
[Black "Tiviakov, Sergei"]
[Result "1-0"]
[WhiteElo "2717"]
[BlackElo "2669"]
[Annotator "Roiz,M"]
[PlyCount "81"]
[EventDate "2006.01.14"]
[EventType "tourn"]
[EventRounds "13"]
[EventCountry "NED"]
[EventCategory "19"]
[SourceTitle "CBM 111"]
[Source "ChessBase"]
[SourceDate "2006.04.04"]
[SourceVersion "1"]
[SourceVersionDate "2006.04.04"]
[SourceQuality "1"]

1. e4 c5 2. Nf3 Nc6 3. d4 cxd4 4. Nxd4 g6 5. c4 Nf6 6. Nc3 d6 7. Nc2 {An
interesting attempt to fight for the opening advantage - white wants to keep
as many pieces on the board as possible!} Bg7 8. Be2 Nd7 9. Bd2 Nc5 10. O-O O-O
{A well known theoretical position.} ({Deserves attention also} 10... a5 $5 {
preventing white's next move.}) 11. b4 {That pawn sacrifice is also standard
for that type of position.} Ne6 {Taking control of another important square
'd4'.} ({Too dangerous would be to accept the challenge:} 11... Bxc3 $6 12.
Bxc3 Nxe4 13. Bb2 $36 {as you can see in 1-0 Svidler,P-Tiviakov,S/ EUCup 18th
Chalkidiki 2002 [Tsesarsky]}) 12. Rc1 ({Another logical option here is:} 12.
Rb1) 12... Ned4 ({Black may also exchange some queen-side pawns before
occupying the central square ''d4'':} 12... a5 13. a3 ({After} 13. b5 Ncd4 14.
Nxd4 Nxd4 15. Be3 e5 {black is close to equality}) 13... axb4 14. axb4 Ncd4 15.
Nxd4 Nxd4 16. Be3 Nxe2+ 17. Qxe2 Bd7 18. Rfd1 Ra3 19. Nd5 Ba4 20. Rd3 Rxd3 21.
Qxd3 $14 {1-0 Tseshkovsky,V-Ovetchkin,R/Azov 1996/CBM 056 ext (38)}) 13. Nxd4
Nxd4 14. Be3 Nxe2+ {This exchange is the most popular move in the position. In
my opinion, 14...e5 is at least not worse.} 15. Qxe2 {The valuation of this
position is very important for the 7.Nc2 variation. As the latest practice
shows, white's advantage is usually too small and black may neutralize the
pressure by accurate play. However, in this game Sergei (who is a great expert
of the Maroczy) couldn't solve his problems.} Be6 {The most natural and quite
the best move. Black completes development and takes control of Pc4.} ({
The passive strategy leads to an inferior position:} 15... b6 16. Rfd1 {
[%cal Gc4c5]} Bb7 $1 17. Bd4 $1 $14 {1-0 Nielsen,P-Lie,K/Drammen 2005/CBM 105/
[Mikhalevski,V] (50)}) ({Premature would be also some ''drastic'' move:} 15...
f5 16. exf5 Rxf5 17. Rfd1 Bxc3 $2 18. Rxc3 $16 a5 19. b5 b6 20. h4 Qc7 21. Bh6
Re5 22. Re3 Be6 23. Qb2 Bxc4 $2 24. f4 $18 {[%csl Rg8][%cal Gb2g7] 1-0
Nogueiras,J-Alvarez,J/Holguin City 2002/CBM 089 (24)}) 16. Nd5 $1 $146 {
[%mdl 8] A very important improvement of white's previous play. White avoids
the simplification of the position which could follow after Bg7xc3 and takes
advantage of his space advantage.} (16. Rfd1 Bxc3 17. Rxc3 Qc7 18. c5 Qc6 19.
f3 Rfc8 20. Rdc1 dxc5 21. Rxc5 Qd7 22. Rxc8+ Rxc8 $11 {1/2-1/2 Gustafsson,
J-Comas Fabrego,L/Sant Lluis ESP 2005/The Week in Chess 565 (45)}) 16... Qd7 (
16... Bxd5 17. cxd5 (17. exd5 Qd7 18. Rfd1 b6 19. Bd4 Bxd4 20. Rxd4 $14) 17...
Qd7 18. Rc2 (18. b5 a6 19. a4 axb5 20. Qxb5 Qxb5 21. axb5 Rfc8 $11) 18... Rfc8
19. Rfc1 a6 20. h3 $14) 17. Rfd1 b6 $6 18. b5 $1 {[%mdl 32] An important
strategical decision. The point is that after exchanging the knights black
cannot exploit the weakness of the 'c5' spot. On the other hand, white gets a
clear plan of improvement which is connected with an a2-a4-a5 advancement and
delivering the knight to c6.} f5 {Sergei is trying to make his pieces more
active, but this leads to additional weaknesses.} ({It's hard to recommend any
useful move for black after} 18... Rfc8 19. a4 $16) 19. exf5 Rxf5 ({Black's
position would be very hard after} 19... Bxf5 20. Bd4 (20. Bg5 $6 Rae8 21.
Nxe7+ $140 Kh8 22. Re1 h6 23. Bh4 Rf6 $132) (20. c5 $5 bxc5 21. Bxc5 $36) 20...
e5 21. Be3 $16) 20. Nb4 {White's play is very logical and strong - black
couldn't do with a statement of Nc6 for a long time.} Bf7 21. Nc6 $16 {[%csl
Ra7,Gc6,Re7]} Re8 22. Qd3 {White shouldn't hurry - black has no counterplay.} (
{The immediate breakthrough was premature:} 22. c5 $2 bxc5 23. Rxc5 Rxc5 24.
Bxc5 a6 25. a4 Bb3 26. Rb1 Bd5 $132) 22... Rc8 $1 {Black finds the only
reasonable defensive idea - now the exchange sacrifice at c6 is actual.} 23.
Qe4 $1 {[%csl Gc6,Ge4] The Qe4 is not vulnerable in the center! At the same
time, it puts a strong pressure on Pe7 and protects the Nc6 once again.} Rc7
24. a4 {White has a clear plan of queen-side attack, while black's pieces are
very passive.} h5 ({Maybe it was better to offer an immediate exchange by} 
24... Qe6 $5) 25. h3 ({Deserved a serious attention also} 25. c5 $5 bxc5 26.
Bxc5 Bf6 27. Be3 $16 {with a clear advantage of white.}) 25... Qe6 {This is
the best decision - in the endgame black has more practical chances of
survival.} 26. Qxe6 Bxe6 27. Re1 Bc8 {The most resistable.} (27... Kf7 $4 28.
Nd8+ $18) ({Even worse would be:} 27... Bf7 28. a5 ({But not} 28. g4 $6 hxg4
29. hxg4 Rf6 30. Bg5 Re6 31. Rxe6 Bxe6 32. Bxe7 Rd7 33. f3 d5 $132 {and black
gets some counterplay.}) 28... bxa5 29. Bxa7 Rxa7 (29... Kf8 30. Bb6 Rb7 31.
Bd8 Bf6 32. Nxa5 $18) 30. Nxa7 Bd4 31. Rxe7 Rxf2 32. Kh1 a4 33. Nc6 Bc5 34. Nd8
$18) 28. a5 bxa5 ({Here the exchange sacrifice could hardly help black:} 28...
Rxc6 29. bxc6 Rxa5 30. Bd2 Re5 31. Rxe5 Bxe5 32. Bc3 Bxc3 33. Rxc3 $18) 29.
Bxa7 Kf7 30. Bb6 {That natural move is probably not the best one,since it
allows the exchange sacrifice.} ({After} 30. Nd8+ $142 $1 Ke8 31. Bb6 Rd7 32.
Ne6 Be5 33. Nc7+ Kf7 34. Bxa5 $18 {white's position should be winning.}) 30...
Rxc6 31. bxc6 a4 {Now white should play very accurately,since black's passed
Pa4 is quite strong!} 32. Red1 ({Deserved a serious attention} 32. Ra1 $5 {
giving the exchange back} Bxa1 33. Rxa1 Be6 34. Rxa4 Rf4 35. c7 Bd7 36. f3 $16
{but keeping a good winning chances due to Pc7.}) 32... a3 ({Possible was also:
} 32... Bb2 33. Rc2 a3 34. Bd4 Bxd4 35. Rxd4 Rc5 $16) 33. Bd4 Bxd4 34. Rxd4 Be6
$2 {Sergei has probably overlooked white's excellent answer!} ({Necessary was:
} 34... Rc5 35. Ra1 (35. Rd3 a2 36. Ra3 d5 37. Rxa2 dxc4 38. Rxc4) 35... Rxc6
36. Rxa3 e5 $16 {[%csl Rc4] and it's still not easy to convert the extra
exchange into a full point.}) {[%tqu "En","Please,find the winning
continuation","","","d4d5","",10]} 35. Rd5 $1 $18 {This rook move cuts the way
for the Rf5 and makes white's task much easier.} Ke8 {Now it's too late! Black
cannot win the Pc6 without giving up some king-side pawn.} ({After} 35... Bxd5
36. cxd5 {the Pc6 becomes unstoppable.}) 36. Rxf5 gxf5 37. Ra1 Kd8 38. Rxa3 Kc7
({Or} 38... Bxc4 39. Ra8+ Kc7 40. Rh8 $18) 39. Re3 Bxc4 40. Rxe7+ {Now the
game is over - black's passed pawn can be easily stopped, while black's
king-side pawns are unprotectable.} Kxc6 41. f3 {An excellent strategical play
of Etienne!} 1-0

[Event "RUS-Cup01 Chigorin Memorial"]
[Site "St Petersburg"]
[Date "1997.11.04"]
[Round "4"]
[White "Volkov, Sergey"]
[Black "Solozhenkin, Evgeniy"]
[Result "1/2-1/2"]
[WhiteElo "2535"]
[BlackElo "2485"]
[Annotator "Solozhenkin,E"]
[PlyCount "32"]
[EventDate "1997.11.01"]
[EventType "swiss"]
[EventRounds "9"]
[EventCountry "RUS"]
[SourceTitle "CBM 062"]
[Source "ChessBase"]
[SourceDate "1998.01.31"]
[SourceVersion "1"]
[SourceVersionDate "1998.01.31"]
[SourceQuality "1"]

1. d4 Nf6 2. Nf3 g6 3. c4 c5 4. Nc3 cxd4 5. Nxd4 Nc6 6. Nc2 Bg7 7. e4 d6 8. Be2
Nd7 9. Qd2 a5 $1 $146 (9... O-O) 10. b3 Nc5 11. Ba3 O-O 12. f3 (12. Rd1 a4 13.
b4 Nb3 $1 14. Qe3 f5 15. g3 e5 $17) 12... f5 13. O-O (13. exf5 Bxf5 14. Ne3 Nd4
15. Nxf5 gxf5 16. Rd1 $15) 13... fxe4 14. fxe4 Be5 15. Kh1 Be6 (15... e6 16.
Ne3 Qh4 17. Ng4) 16. Rad1 Rxf1+ $138 (16... Rxf1+ 17. Rxf1 a4 18. b4 Nb3 $1 19.
Qd3 Nbd4 20. Nxd4 Nxd4 21. Bd1 Rc8 22. c5 dxc5 23. bxc5 $13) 1/2-1/2